International who's who: 1992-93 (Record no. 1749)

MARC details
000 -LEADER
fixed length control field 00535nam a2200157Ia 4500
020 ## - INTERNATIONAL STANDARD BOOK NUMBER
ISBN 0-946653-84-4
082 ## - DEWEY DECIMAL CLASSIFICATION NUMBER
Classification number RR 920.02 INT-
245 #0 - TITLE STATEMENT
Title International who's who: 1992-93
250 ## - EDITION STATEMENT
Edition statement 56th
260 ## - PUBLICATION, DISTRIBUTION, ETC. (IMPRINT)
Place of publication London
Name of publisher Europa Publications
Year of publication 1992
300 ## - PHYSICAL DESCRIPTION
Number of Pages xxii, 1808p.
500 ## - GENERAL NOTE
General note contents: Acc no. D16 (60th ed.), (1996-97), (1-85743-021-2), (xxi, 1726p.) - Acc no. D1001 (64th ed.), (2001), (1-85743-081-6), (xxiii,1729p.)
650 ## - SUBJECT ADDED ENTRY--TOPICAL TERM
Topical Term Celebrities
Form subdivision Biography
Geographic subdivision 1992-93
650 ## - SUBJECT ADDED ENTRY--TOPICAL TERM
Topical Term Biography
Form subdivision Directories
942 ## - ADDED ENTRY ELEMENTS (KOHA)
Koha item type Books
Source of classification or shelving scheme Dewey Decimal Classification
Holdings
Withdrawn status Lost status Damaged status Not for loan Home library Current library Date acquired Bill Date Full call number Accession Number Price effective from Koha item type Collection code
        NASSDOC Library NASSDOC Library 08/06/2004 2008-12-30 RR 920.02 INT- 34012 18/04/2019 Books  
        NASSDOC Library NASSDOC Library 01/02/2019 2005-02-11 RR 920.02 INT- D000016 18/04/2019 Books Docas Books
        NASSDOC Library NASSDOC Library 20/09/2016 2004-10-22 RR 920.02 INT- SL1 D001001 18/04/2019 Books Docas Books